Le « commun » ou la subversion contemporaine du politique (notice n° 1591948)
[ vue normale ]
| 000 -LEADER | |
|---|---|
| fixed length control field | 00876cam a2200217 4500500 |
| 005 - DATE AND TIME OF LATEST TRANSACTION | |
| control field | 20251228065641.0 |
| 041 ## - LANGUAGE CODE | |
| Language code of text/sound track or separate title | fre |
| 042 ## - AUTHENTICATION CODE | |
| Authentication code | dc |
| 100 10 - MAIN ENTRY--PERSONAL NAME | |
| Personal name | Paturet, Jean-Bernard |
| Relator term | author |
| 245 00 - TITLE STATEMENT | |
| Title | Le « commun » ou la subversion contemporaine du politique |
| 260 ## - PUBLICATION, DISTRIBUTION, ETC. | |
| Date of publication, distribution, etc. | 2022.<br/> |
| 500 ## - GENERAL NOTE | |
| General note | 20 |
| 520 ## - SUMMARY, ETC. | |
| Summary, etc. | Le collectif, le commun, a toujours intéressé les hommes dans son enjeu politique. Comment le concevoir ? Comment le construire ? L’auteur nous propose ici une approche philosophique de la notion de commun. |
| 690 ## - LOCAL SUBJECT ADDED ENTRY--TOPICAL TERM (OCLC, RLIN) | |
| Topical term or geographic name as entry element | citoyens |
| 690 ## - LOCAL SUBJECT ADDED ENTRY--TOPICAL TERM (OCLC, RLIN) | |
| Topical term or geographic name as entry element | Collectif |
| 690 ## - LOCAL SUBJECT ADDED ENTRY--TOPICAL TERM (OCLC, RLIN) | |
| Topical term or geographic name as entry element | commun |
| 690 ## - LOCAL SUBJECT ADDED ENTRY--TOPICAL TERM (OCLC, RLIN) | |
| Topical term or geographic name as entry element | philosophie |
| 690 ## - LOCAL SUBJECT ADDED ENTRY--TOPICAL TERM (OCLC, RLIN) | |
| Topical term or geographic name as entry element | politique |
| 786 0# - DATA SOURCE ENTRY | |
| Note | VST - Vie sociale et traitements | 155 | 3 | 2022-07-29 | p. 19-25 | 0396-8669 |
| 856 41 - ELECTRONIC LOCATION AND ACCESS | |
| Uniform Resource Identifier | <a href="https://shs.cairn.info/revue-vie-sociale-et-traitements-2022-3-page-19?lang=fr&redirect-ssocas=7080">https://shs.cairn.info/revue-vie-sociale-et-traitements-2022-3-page-19?lang=fr&redirect-ssocas=7080</a> |
Pas d'exemplaire disponible.




Réseaux sociaux